FIFA Wereldbeker 2014 teams - Statistieken

Algemene statistieken
  • Deze quiz is 157 keer genomen
  • De gemiddelde score is 24 van 32
Antwoordstatistieken
Group Team % Correct
Group A Brazilië
98%
Group G Duitsland
98%
Group B Spanje
98%
Group F Argentinië
96%
Group B Nederland
96%
Group D Italië
94%
Group G Verenigde Staten
93%
Group G Portugal
92%
Group B Australië
91%
Group H België
91%
Group D Engeland
90%
Group E Frankrijk
90%
Group C Japan
85%
Group D Uruguay
85%
Group B Chili
83%
Group A Mexico
83%
Group H Rusland
76%
Group H Zuid-Korea
75%
Group A Kroatië
69%
Group D Costa Rica
68%
Group E Zwitserland
68%
Group C Colombia
65%
Group C Griekenland
64%
Group A Kameroen
63%
Group G Ghana
61%
Group F Nigeria
61%
Group H Algerije
54%
Group F Iran
48%
Group E Ecuador
47%
Group C Ivoorkust
41%
Group E Honduras
36%
Group F Bosnië en Herzegovina
33%
Geen overeenkomende quizzen gevonden
Scoreverdeling
Procent van Mensen met Elke Score
Percentiel versus Aantal Correcte Antwoorden
Uw Scoregeschiedenis
U heeft deze quiz nog niet genomen